000 01074nam a2200301 a 4500
001 33859
003 BD-RjUL
005 20211209052053.0
008 141220r20102007ii b 001 0 eng
020 _a9788130905396 (pbk)
035 _a(OCoLC)ocm56317835
_a(BD-RjUL)33951
040 _aDLC
_cDLC
_dYDX
_dUKM
_dBAKER
_dCLE
_dDLC
_dBD-RjUL
_beng
041 _aeng
082 0 0 _a025.524
_222
_bLEV 2010
100 1 _aLenburg, Jeff.
_9114664
245 1 4 _aViva - Facts On File guide to research /
_cJeff Lenburg.
246 3 0 _aGuide to research
260 _aNew Delhi :
_bViva Books,
_c2007 [Reprint 2010]
300 _axxxii, 560 p. ;
_c24 cm.
504 _aIncludes bibliographical references (p. 541) and index.
650 0 _aInformation retrieval
_vHandbooks, manuals, etc.
_9114666
650 0 _aResearch
_xMethodology
_vHandbooks, manuals, etc.
_9114667
650 0 _aLibrary research
_vHandbooks, manuals, etc.
_9114668
942 _2ddc
_cBK
999 _c33859
_d33859